000 00586nam a2200193 a 4500
001 62185
005 20180714064119.0
008 150305s2009 enk r 000 0 spa d
020 _a978-0-7456-4599-5
082 0 _a297.2
_bLEA
100 1 _aLeaman, Oliver
_eautor
245 1 0 _aIslamic philosophy an introduction /
_cOliver Leaman.
264 1 _aInglaterra :
_bpolity Press,
_c2009
300 _axiv, 231 páginas ;
_c23cm.
336 _atexto
_2rdacontent
337 _asin mediación
_2rdamedia
338 _avolumen
_2rdacarrier
650 0 _aIslamismo
_xFilosofía
999 _c62185
_d62185